El Poder irrevocable

Detalles Bibliográficos
Autor principal: Cano Martn̕ez de Velasco, Jos ̌Ignacio
Formato: Libro
Lenguaje:español
Publicado: Barcelona : Jos ̌Mara̕ Bosch, 1998
Colección:Cuadernos de derecho privado ; 22
Materias:
Acceso en línea:Acceso restringido

MARC

LEADER 00000nam a2200000 a 4500
005 20111223151319.0
007 cr|||| ||||
008 980929s1998 spc|||||| 000 ||spa|c
017 |a DL B. 18003-1998 
020 |a 8476984812 
035 |a 1120 
040 |d vLex 
080 |a 321.01 
090 |c 2879  |d 2879 
100 1 |a Cano Martn̕ez de Velasco, Jos ̌Ignacio 
245 1 3 |a El Poder irrevocable   |h [Recurso electrn̤ico] /  |c Jos ̌Ignacio Cano Martn̕ez de Velasco 
256 |a Servicio en ln̕ea 
260 |a Barcelona :  |b Jos ̌Mara̕ Bosch,  |c 1998 
300 |a 1 recurso electrn̤ico 
506 1 |a Contenido solo disponible en los productos indicados  |d vLex Global   |d vLex Global (Academic Edition, excluding Law Schools)   |d vLex Global (U.S. Academic Edition, Law Schools)   |d vLex Global (U.S. Academic Edition, excluding Law Schools)   |d vLex Global (Academic Edition, Law Schools)  
650 0 4 |a Poder (ciencias sociales) 
650 0 4 |a Agencia (Derecho)  |z Espaą 
650 0 4 |a Representacin̤ (Derecho)  |z Espaą 
650 0 4 |a Mandato (contrato)  |z Espaą 
740 0 |a vLex Libros (Servicio en ln̕ea) 
830 0 |a Cuadernos de derecho privado ;  |v 22 
856 4 1 |z Acceso restringido  |u http://vlex.com/source/poder-irrevocable-1120 
942 |c BOOK 
999 0 |a Mandate (Contract) 
999 0 |a Commercial law